[Event "Izhevsk op-A"]
[Site "Izhevsk"]
[Date "2010.07.21"]
[Round "7"]
[White "Palachev, Petr"]
[Black "Kozionov, Sergey"]
[Result "0-1"]
[WhiteElo "2201"]
[BlackElo "2039"]
[PlyCount "120"]
[EventDate "2010.07.15"]
[EventType "swiss"]
[EventRounds "9"]
[EventCountry "RUS"]
[SourceTitle "CBM 137 Extra"]
[Source "ChessBase"]
[SourceDate "2010.09.01"]
[SourceVersion "1"]
[SourceVersionDate "2010.09.01"]
[SourceQuality "1"]

1. d4 Nf6 2. Nf3 g6 3. Nbd2 Bg7 4. e4 d6 5. Bd3 0-0 6. 0-0 Nbd7 7. c3 e5 8. dxe5 dxe5 9. Qc2 c6 10. a4 Re8 11. Nc4 Qc7 12. b4 Nf8 13. Rd1 Nh5 14. g3 h6 15. Ne3 Bh3 16. Bb2 Ne6 17. Kh1 Ng5 18. Nxg5 hxg5 19. a5 Be6 20. c4 b6 21. Bc3 Qc8 22. axb6 axb6 23. Rxa8 Qxa8 24. Ra1 Qb7 25. Qa2 Rd8 26. Bc2 b5 27. Qa6 Qc7 28. c5 g4 29. Qa7 Qc8 30. Qb6 Rd7 31. Ra6 Rc7 32. Qa5 Qd7 33. Qa1 f6 34. Kg1 Bh6 35. Ra8+ Kh7 36. Qd1 Bxe3 37. Qxd7+ Rxd7 38. fxe3 Kg7 39. Kf2 Kf7 40. Ra6 Rc7 41. Bd3 Ng7 42. Be2 Ke7 43. Ra8 Ne8 44. Kg2 Rc8 45. Ra6 Kd7 46. Ra1 Nc7 47. Kf2 Ra8 48. Rxa8 Nxa8 49. Kg2 Nc7 50. Kg1 Ke8 51. Kg2 Ke7 52. h3 gxh3+ 53. Kh2 Bd7 54. Bf3 Ne6 55. Kxh3 Nxc5+ 56. Kg2 Ne6 57. Bg4 Nf8 58. Be2 Nh7 59. g4 Ng5 60. Bf3 Be6 0-1

[Event "Izhevsk op-A"]
[Site "Izhevsk"]
[Date "2010.07.18"]
[Round "4"]
[White "Kozionov, Sergey"]
[Black "Pushin, Vladimir"]
[Result "1/2-1/2"]
[WhiteElo "2039"]
[BlackElo "2380"]
[PlyCount "131"]
[EventDate "2010.07.15"]
[EventType "swiss"]
[EventRounds "9"]
[EventCountry "RUS"]
[SourceTitle "CBM 137 Extra"]
[Source "ChessBase"]
[SourceDate "2010.09.01"]
[SourceVersion "1"]
[SourceVersionDate "2010.09.01"]
[SourceQuality "1"]

1. e4 c5 2. Nc3 Nc6 3. g3 g6 4. Bg2 Bg7 5. d3 e6 6. Be3 d6 7. Qd2 Nge7 8. Bh6 0-0 9. h4 Nd4 10. h5 Nxc2+ 11. Qxc2 Bxh6 12. hxg6 Kg7 13. gxh7 Rh8 14. f4 Rxh7 15. Nge2 e5 16. 0-0-0 Bg4 17. Kb1 Qd7 18. Rh2 Rah8 19. Rdh1 b5 20. Bh3 a6 21. Nd1 Bxh3 22. Rxh3 Kg8 23. Ne3 Bg7 24. Rxh7 Rxh7 25. Rxh7 Kxh7 26. Nc3 exf4 27. Qh2+ Kg8 28. gxf4 b4 29. Ncd5 Nxd5 30. Nxd5 Qg4 31. Kc2 Qf3 32. Nb6 f5 33. exf5 d5 34. Nd7 c4 35. Qd2 Qg4 36. f6 Qxd7 37. fxg7 Qf5 38. Qe3 Kxg7 39. Qe7+ Kh6 40. Qxb4 Qxd3+ 41. Kc1 Qf1+ 42. Kc2 Qxf4 43. Qb6+ Kh5 44. Qxa6 Qf2+ 45. Kc1 Qf1+ 46. Kc2 d4 47. Qa5+ Kg4 48. Qd2 Qf5+ 49. Kc1 Qd5 50. Qe2+ Kf4 51. Qf2+ Ke5 52. Qg3+ Kf5 53. Qh3+ Kg6 54. Qg4+ Kf7 55. Qf4+ Ke6 56. Qh6+ Kd7 57. Qh7+ Kc6 58. Qg6+ Kc5 59. Kd2 Qe5 60. Qh6 Qf5 61. Qh2 Qd3+ 62. Kc1 Qf1+ 63. Kd2 Kc6 64. Qh6+ Kb5 65. Qg5+ Ka4 66. b3+ 1/2-1/2

[Event "Izhevsk op-A"]
[Site "Izhevsk"]
[Date "2010.07.17"]
[Round "3"]
[White "Severiukhina, Zoja"]
[Black "Kozionov, Sergey"]
[Result "0-1"]
[WhiteElo "2341"]
[BlackElo "2039"]
[PlyCount "76"]
[EventDate "2010.07.15"]
[EventType "swiss"]
[EventRounds "9"]
[EventCountry "RUS"]
[SourceTitle "CBM 137 Extra"]
[Source "ChessBase"]
[SourceDate "2010.09.01"]
[SourceVersion "1"]
[SourceVersionDate "2010.09.01"]
[SourceQuality "1"]

1. e4 e5 2. Nf3 Nc6 3. Bb5 Nge7 4. Nc3 g6 5. h4 h6 6. h5 g5 7. d4 Bg7 8. Be3 exd4 9. Nxd4 a6 10. Bc4 Ne5 11. Bb3 d6 12. Qd2 b5 13. 0-0-0 c5 14. Ndxb5 axb5 15. Nxb5 0-0 16. Nxd6 Be6 17. c4 Qb6 18. Bxg5 hxg5 19. Qxg5 f6 20. Qg3 Kh7 21. h6 Bh8 22. f4 Rg8 23. Qh4 N5g6 24. Qh2 f5 25. e5 Nc6 26. g4 fxg4 27. Ne4 Ngxe5 28. fxe5 Bxe5 29. Qf2 Raf8 30. Qh4 Bf4+ 31. Kb1 Bf5 32. Bc2 Be5 33. b3 Qa7 34. a4 Nd4 35. Rxd4 Bxd4 36. Ng5+ Kh8 37. h7 Bxc2+ 38. Kxc2 Rg6 0-1

[Event "Izhevsk op"]
[Site "Izhevsk"]
[Date "2009.07.17"]
[Round "3"]
[White "Kozionov, Sergey"]
[Black "Husnullin, Ramil"]
[Result "1-0"]
[WhiteElo "2021"]
[BlackElo "2207"]
[PlyCount "81"]
[EventDate "2009.07.15"]
[EventType "swiss"]
[EventRounds "9"]
[EventCountry "RUS"]
[SourceTitle "EXT 2010"]
[Source "ChessBase"]
[SourceDate "2010.11.25"]
[SourceVersion "1"]
[SourceVersionDate "2010.11.25"]
[SourceQuality "1"]

1. e4 c5 2. Nf3 d6 3. d4 cxd4 4. Nxd4 Nf6 5. Nc3 Nc6 6. Bg5 e6 7. Qd2 a6 8. 0-0-0 Bd7 9. f3 Qa5 10. Nb3 Qc7 11. g4 b5 12. Be3 h6 13. h4 Ne5 14. Be2 b4 15. Nb1 a5 16. g5 Nh5 17. f4 Nc4 18. Qd4 Rc8 19. Qxc4 Qxc4 20. Bxc4 Rxc4 21. N1d2 Rc6 22. Nxa5 Ra6 23. Nab3 Rxa2 24. Kb1 Ra6 25. Rhg1 Be7 26. gxh6 g6 27. Nf3 Bc6 28. Rd4 Ra4 29. Rc4 Bb7 30. Ng5 Bd8 31. c3 d5 32. Rxb4 Rxb4 33. cxb4 dxe4 34. Nc5 Bc6 35. Rc1 Bb5 36. Ngxe4 0-0 37. Nd6 Be2 38. Nd7 Bd3+ 39. Ka2 Bxh4 40. h7+ Kg7 41. Nxf8 1-0

[Event "Moscow op-B 04th"]
[Site "Moscow"]
[Date "2008.02.08"]
[Round "7"]
[White "Kozionov, Sergey"]
[Black "Leonov, Dmitry"]
[Result "1-0"]
[WhiteElo "1939"]
[BlackElo "2201"]
[PlyCount "66"]
[EventDate "2008.02.02"]
[EventType "swiss"]
[EventRounds "9"]
[EventCountry "RUS"]
[SourceTitle "CBM 122 Extra"]
[Source "ChessBase"]
[SourceDate "2008.03.04"]
[SourceVersion "1"]
[SourceVersionDate "2008.03.04"]
[SourceQuality "1"]

1. d4 Nf6 2. c4 e6 3. Nf3 Bb4+ 4. Bd2 Qe7 5. a3 Bxd2+ 6. Nbxd2 d5 7. e3 Ne4 8. Bd3 f5 9. 0-0 c6 10. Ne5 0-0 11. f4 Nd7 12. Nxd7 Bxd7 13. Nf3 Be8 14. Bxe4 dxe4 15. Ne5 Rd8 16. c5 g5 17. b4 gxf4 18. Rxf4 Qg5 19. g3 Kh8 20. Qb3 Rd5 21. a4 a6 22. Nc4 Qg7 23. Raf1 Bf7 24. Ne5 Be8 25. Qc2 Rg8 26. Qg2 Qg5 27. Qh3 Rg7 28. Kf2 a5 29. Nc4 Qd8 30. Kg2 axb4 31. Rb1 Rxd4 32. exd4 Qxd4 33. Nd6 Bg6 1-0